书目信息 |
| 题名: |
中国工人运动史话
|
|
| 作者: | 史兵 著 | |
| 分册: | 第一集 | |
| 出版信息: | 北京 工人出版社 1985.01 |
|
| 页数: | 330页 | |
| 开本: | 19cm | |
| 丛书名: | ||
| 单 册: | ||
| 中图分类: | K261.3 | |
| 科图分类: | ||
| 主题词: | 中国--历史 | |
| 电子资源: | ||
| ISBN: | ||
| 000 | 00566nam0 2200205 45 | |
| 001 | 0312011670 | |
| 005 | 20040429163328.9 | |
| 010 | @dCNY1.15 | |
| 091 | @a11007.8 | |
| 100 | @a20031201d1985 km y0chiy0120 ea | |
| 101 | 0 | @achi |
| 105 | @a z 000yy | |
| 200 | 1 | @a中国工人运动史话@h第一集@AZhong Guo Gong Ren Yun Dong Shi Hua@f史兵著@FShi Bing Zhu |
| 210 | @a北京@c工人出版社@d1985.01 | |
| 215 | @a330页@d19cm | |
| 606 | 0 | @a中国@x历史 |
| 690 | @aK261.3@v3 | |
| 701 | 0 | @a史兵@4著 |
| 801 | @aCN@bPftUser@c20031201 | |
| 905 | @dK261.3@e44:1@f1@b138174@b138171@f1 | |
| 中国工人运动史话.第一集/史兵著.-北京:工人出版社,1985.01 |
| 330页;19cm |
| ISBN :CNY1.15 |
| ● |
| 相关链接 |
|
|
|
|
正题名:中国工人运动史话
索取号:K261.3/44:1
 
预约/预借
| 序号 | 登录号 | 条形码 | 馆藏地/架位号 | 状态 | 备注 |
| 1 | 0138165 | 001593074 | 密集书库/ [索取号:K261.3/44:1] | 在馆 | |
| 2 | 0138166 | 001531113 | 密集书库/ [索取号:K261.3/44:1] | 在馆 | |
| 3 | 0138167 | 001531079 | 密集书库/ [索取号:K261.3/44:1] | 在馆 | |
| 4 | 0138168 | 001601092 | 密集书库/ [索取号:K261.3/44:1] | 在馆 | |
| 5 | 0138169 | 001601136 | 密集书库/ [索取号:K261.3/44:1] | 在馆 | |
| 6 | 0138170 | 001601172 | 密集书库/ [索取号:K261.3/44:1] | 在馆 | |
| 7 | 0138171 | 001289947 | 第二样本阅览室/ [索取号:K261.3/44:1] | 在馆 | |
| 8 | 0138172 | 001601010 | 密集书库/ [索取号:K261.3/44:1] | 在馆 | |
| 9 | 0138173 | 001601056 | 密集书库/ [索取号:K261.3/44:1] | 在馆 | |
| 10 | 0138174 | 001289938 | 第二借阅区/ [索取号:K261.3/44:1] | 在馆 |